| 000 | 00526nam a2200157Ia 4500 | ||
|---|---|---|---|
| 008 | 100122s9999 xx 000 0 und d | ||
| 082 |
_b44716 _a613 |
||
| 100 | _aगाला ध रा | ||
| 245 | _aगव्हाची हिरवी रोपे | ||
| 260 |
_bगाला पब्लिशर्स _c1991 |
||
| 300 | _a52 | ||
| 630 | _aगव्हाची हिरवी रोपे | ||
| 700 | _aगाला धीरेन | ||
| 730 | _aगव्हाची हिरवी रोपे | ||
| 942 | _cBOOK | ||
| 999 |
_c424375 _d424372 |
||